00349nam a2200157Ia 45000010006000000050017000060080041000230410008000640820015000721000023000872450028001102600009001383000028001476500008001756540008001831404820260306164845.0260306t1993||||xx |||||||||||||| ||spa|| aESP a006.3bK74 aKong, MaynardeAUT 0aInteligencia artificial c1993 a243 páginas :c24 cm. aGEN aCCC